The night bus / Tessa Bickers.
Available copies
- 0 of 2 copies available at LARL/NWRL Consortium.
- 0 of 2 copies available at Lake Agassiz Regional Library. (Show preferred library)
Current holds
0 current holds with 2 total copies.
Show Only Available Copies
| Location | Call Number / Copy Notes | Barcode | Shelving Location | Status | Due Date |
|---|---|---|---|---|---|
| Detroit Lakes Public Library | BIC (Text) | 33500014384275 | New | Checked out | 07/15/2026 |
| Detroit Lakes Public Library | BIC (Text) | 33500014384283 | New | Checked out | 07/16/2026 |
Record details
- ISBN: 9781525800092
- ISBN: 1525800094
- Physical Description: 311 pages ; 24 cm
- Publisher: Toronto, Ontario : Mira, [2026]
- Copyright: ©2026
Content descriptions
| General Note: | Includes book club discussion questions. |
| Summary, etc.: | "One book. Two strangers. An unforgettable journey ... Read More |
Search for related items by subject
| Subject: | Women journalists > Fiction. Man-woman relationships > Fiction. Triangles (Interpersonal relations) > Fiction. Bus travel > England > London > Fiction. London (England) > Fiction. Fiction. |
| Genre: | Romance fiction. Fiction. Novels. |
| LDR | 02870cam a2200517 i 4500 | ||
|---|---|---|---|
| 001 | 485399 | ||
| 003 | LARL_NWRL_CONSORTIUM | ||
| 005 | 20260527152631.0 | ||
| 008 | 251014t20262026onc e 000 1 eng d | ||
| 040 | . | ‡aIG# ‡beng ‡erda ‡cIG# ‡dBDX ‡dOCLCQ ‡dHQD ‡dOCLCO ‡dYDX ‡dORX ‡dLE# ‡dOCLCO ‡dGO4 ‡dJAS ‡dOCLCO ‡dIUK ‡dCLE ‡dOCLCO | |
| 019 | . | ‡a1530589475 | |
| 020 | . | ‡a9781525800092 ‡q(hardcover) | |
| 020 | . | ‡a1525800094 ‡q(hardcover) | |
| 035 | . | ‡a(OCoLC)1545540090 ‡z(OCoLC)1530589475 | |
| 043 | . | ‡ae-uk-en | |
| 082 | 0 | 4. | ‡a823.92 ‡223/eng/20260519 |
| 100 | 1 | . | ‡aBickers, Tessa, ‡eauthor. |
| 245 | 1 | 4. | ‡aThe night bus / ‡cTessa Bickers. |
| 264 | 1. | ‡aToronto, Ontario : ‡bMira, ‡c[2026] | |
| 264 | 4. | ‡c©2026 | |
| 300 | . | ‡a311 pages ; ‡c24 cm | |
| 336 | . | ‡atext ‡btxt ‡2rdacontent | |
| 337 | . | ‡aunmediated ‡bn ‡2rdamedia | |
| 338 | . | ‡avolume ‡bnc ‡2rdacarrier | |
| 500 | . | ‡aIncludes book club discussion questions. | |
| 520 | . | ‡a"One book. Two strangers. An unforgettable journey as they rewrite the ending. Daisy Douglas has spent her life behind the scenes: at work, in her relationships, and now, in planning a wedding she isn't sure she even wants. As an entertainment journalist, she can spot the start of a story a mile away. So when her routine 4 a.m. bus ride to the newsroom takes a surprising turn, she notices. For months, the same man has boarded at the same stop, reading the same tattered copy of Virginia Woolf's Orlando over and over as if his life depends on it. When a broken-down bus and a shared walk through the quiet early-morning London streets finally throws them together, Tom reveals the heartbreaking truth as to why he can't be without his novel. Determined to help him find the answer to the riddle hidden in its pages, Daisy joins Tom on his strange literary quest--one that leads them to places neither of them ever expected. But as their friendship deepens, she starts to wonder if what they're both looking for might not be in the book after all."--Jacket flap. | |
| 650 | 0. | ‡aWomen journalists ‡vFiction. ‡0(LARL_NWRL_CONSORTIUM)167907 | |
| 650 | 0. | ‡aMan-woman relationships ‡vFiction. ‡0(LARL_NWRL_CONSORTIUM)165985 | |
| 650 | 0. | ‡aTriangles (Interpersonal relations) ‡vFiction. ‡0(LARL_NWRL_CONSORTIUM)167628 | |
| 650 | 0. | ‡aBus travel ‡zEngland ‡zLondon ‡vFiction. | |
| 651 | 0. | ‡aLondon (England) ‡vFiction. ‡0(LARL_NWRL_CONSORTIUM)165879 | |
| 650 | 0. | ‡aFiction. ‡0(LARL_NWRL_CONSORTIUM)20140 | |
| 655 | 7. | ‡aRomance fiction. ‡2lcgft | |
| 655 | 7. | ‡aFiction. ‡2lcgft | |
| 655 | 7. | ‡aNovels. ‡2lcgft | |
| 901 | . | ‡a485399 ‡bOCoLC ‡c485399 ‡tbiblio ‡soclc | |

Add to basket
Permalink
Enable Highlighting